Dactylographie_"fred" - Statistiques

Statistiques générales
  • Ce quiz a été pris 677 fois
  • Le résultat moyen est 30 sur 50
Statistiques - réponses
Hint Réponse % Correct
fred fred
100%
fred fred
98%
fred fred
98%
fred fred
96%
fred fred
95%
fred fred
95%
fred fred
92%
fred fred
91%
fred fred
91%
fred fred
90%
fred fred
90%
fred fred
89%
fred fred
89%
fred fred
88%
fred fred
88%
fred fred
87%
fred fred
86%
fred fred
85%
fred fred
85%
fred fred
83%
fred fred
82%
fred fred
79%
fred fred
78%
fred fred
75%
fred fred
72%
fred fred
70%
fred fred
68%
fred fred
64%
fred fred
61%
fred fred
58%
fred fred
53%
fred fred
48%
fred fred
44%
fred fred
42%
fred fred
38%
fred fred
35%
fred fred
32%
fred fred
30%
fred fred
27%
fred fred
23%
fred fred
20%
fred fred
17%
fred fred
15%
fred fred
14%
fred fred
14%
fred fred
12%
fred fred
12%
fred fred
11%
fred fred
11%
fred fred
10%
Aucun quiz correspondant
Distribution des résultats
% des personnes avec chaque résultat
Percentile par nombre de réponses
Votre historique - résultats
Vous n’avez pas pris ce quiz